Kriminalita ako modalita sociálneho konania

Transformačné procesy postmodernej spoločnosti a výzvy pre kriminologické skúmanie a reformuláciu otázok spoločenskej podmienenosti kriminálneho správania sa ľudí v meniacich sa sociálnych podmienkach.

Uložené v:
Podrobná bibliografia
Hlavný autor: Lubelcová, Gabriela
Médium: Kapitola
Jazyk:Slovak
Predmet:
Tagy: Pridať tag
Žiadne tagy, Buďte prvý, kto otaguje tento záznam!

MARC

LEADER 00000naa a2200000 4500
001 0188909
005 20231208094105.8
041 0 |a slo 
044 |a SK 
245 1 0 |a Kriminalita ako modalita sociálneho konania  |c Gabriela Lubelcová 
520 |a Transformačné procesy postmodernej spoločnosti a výzvy pre kriminologické skúmanie a reformuláciu otázok spoločenskej podmienenosti kriminálneho správania sa ľudí v meniacich sa sociálnych podmienkach. 
610 2 0 |a spoločnosť postindustriálna 
610 2 0 |a situácia sociálna 
610 2 0 |a podmienky sociálne 
610 2 0 |a procesy sociálno-ekonomické 
610 2 0 |a správanie 
610 2 0 |a kriminalita 
100 1 |a Lubelcová, Gabriela